[Event "34th Leon Blitz Final"]
[Site "chess.com INT"]
[Date "2021.07.07"]
[Round "1.1"]
[White "Bluebaum, Matthias"]
[Black "Onischuk, Vladimir"]
[Result "0-1"]
[WhiteTitle "GM"]
[BlackTitle "GM"]
[WhiteElo "2669"]
[BlackElo "2622"]
[WhiteFideId "24651516"]
[BlackFideId "14114038"]
[EventDate "2021.07.07"]

1. d4 d6 2. Nf3 Nf6 3. c4 g6 4. Nc3 Bg7 5. e4 O-O 6. Be2 Nbd7 7. O-O e5 8. Be3
c6 9. d5 c5 10. Ne1 Ne8 11. Nd3 f5 12. exf5 gxf5 13. f4 e4 14. Nf2 Bxc3 15. bxc3
Qa5 16. Qc2 Ndf6 17. h3 h5 18. g3 Kf7 19. Kh2 Rg8 20. Rg1 Bd7 21. Rg2 Qa4 22.
Qb3 b6 23. Rh1 Ke7 24. Kg1 Qa5 25. Qc2 Kd8 26. g4 hxg4 27. hxg4 fxg4 28. Nxe4
Nxe4 29. Qxe4 Qxc3 30. Qd3 Qa1+ 31. Bf1 Nf6 32. Bd2 Qd4+ 33. Qxd4 cxd4 34. Bd3
Kc7 35. Rh6 Raf8 36. Bc1 g3 37. f5 Ng4 38. Rg6 Ne5 39. R6xg3 Rxg3 40. Rxg3 Bxf5
41. Rg7+ Bd7 42. Rg3 Bg4 43. Be4 Bf3 44. Bxf3 Nxf3+ 45. Kf2 Ne5+ 46. Ke2 d3+ 47.
Ke3 Rf1 48. Rg7+ Kb8 49. Bd2 Rd1 50. Bb4 Nxc4+ 51. Kd4 d2 52. Rg2 b5 53. a4 Rb1
54. Bxd2 Rd1 55. Rg8+ Kb7 56. axb5 Nxd2 57. Rg6 Nb3+ 58. Kc4 Nd2+ 59. Kd4 Nf3+
60. Ke4 Ne5 61. Rxd6 Nc4 62. Rh6 Nb6 63. Rh7+ Kb8 64. Rh8+ Kc7 65. Rh7+ Nd7 66.
Rh6 Rb1 67. Rc6+ Kb7 68. d6 Nb6 69. Rc7+ Kb8 70. Ke5 Rxb5+ 71. Ke6 Rb1 72. Rc2
Re1+ 73. Kf7 a5 74. Rb2 Ka7 75. Rb5 Ka6 76. Rd5 Nxd5 77. d7 Re7+ 78. Kf8 Rxd7 0-1

[Event "34th Leon Blitz Final"]
[Site "chess.com INT"]
[Date "2021.07.07"]
[Round "1.2"]
[White "Onischuk, Vladimir"]
[Black "Bluebaum, Matthias"]
[Result "0-1"]
[WhiteTitle "GM"]
[BlackTitle "GM"]
[WhiteElo "2622"]
[BlackElo "2669"]
[WhiteFideId "14114038"]
[BlackFideId "24651516"]
[EventDate "2021.07.07"]

1. e4 c6 2. d4 d5 3. Nc3 dxe4 4. Nxe4 Nf6 5. Nxf6+ exf6 6. c3 Bd6 7. Bd3 O-O 8.
Qc2 Re8+ 9. Ne2 h5 10. O-O h4 11. h3 Nd7 12. Be3 Nf8 13. Rae1 Be6 14. c4 Rc8 15.
a3 Bb8 16. Rd1 Bd7 17. Rfe1 Ne6 18. Kf1 Ng5 19. Ng1 Qa5 20. Bd2 Qc7 21. Bf5 Ne6
22. Be3 Qh2 23. Be4 Qh1 24. g4 Qh2 25. Bg2 Nf4 26. Bxf4 Qxf4 27. Nf3 f5 28. g5
Re4 29. Qd2 Be6 30. b3 Rd8 31. Qxf4 Bxf4 32. g6 fxg6 33. Nxh4 Rxe1+ 34. Rxe1 Bf7
35. Nf3 Kf8 36. Rd1 g5 37. Ke2 Bh5 38. Kf1 Kf7 39. Rd3 Kf6 40. Ne1 Re8 41. Bf3
Bf7 42. Ng2 Bc7 43. Ne3 Rd8 44. d5 c5 45. b4 Bd6 46. Rb3 b6 47. Nc2 Bg6 48. Ne1
Rh8 49. Kg2 Rh4 50. Be2 Re4 51. Kf1 Rd4 52. Nf3 Rf4 53. Ne1 Bf7 54. Kg2 cxb4 55.
axb4 b5 56. Ra3 bxc4 57. Ra6 Bxd5+ 58. Kf1 Ke5 59. Nc2 Rh4 60. Rxa7 Rxh3 61. Ke1
c3 62. Bf1 Rh1 63. Ne3 Bxb4 64. Ke2 Bc5 65. Ra5 Bxe3 66. Bg2 c2 67. Rxd5+ Ke6 0-1

[Event "34th Leon Blitz Final"]
[Site "chess.com INT"]
[Date "2021.07.07"]
[Round "1.3"]
[White "Onischuk, Vladimir"]
[Black "Bluebaum, Matthias"]
[Result "0-1"]
[WhiteTitle "GM"]
[BlackTitle "GM"]
[WhiteElo "2622"]
[BlackElo "2669"]
[WhiteFideId "14114038"]
[BlackFideId "24651516"]
[EventDate "2021.07.07"]

1. Nf3 d5 2. g3 Bg4 3. Bg2 e6 4. O-O Nf6 5. d3 Be7 6. Qe1 c5 7. e4 Nc6 8. c3 O-O
9. h3 Bh5 10. Qe2 h6 11. Nbd2 Qc7 12. Re1 Rad8 13. b3 Rfe8 14. Bb2 b5 15. a4 a6
16. axb5 axb5 17. g4 Bg6 18. Ra6 Ra8 19. Rea1 Qb7 20. Rxa8 Rxa8 21. Rxa8+ Qxa8
22. exd5 Nxd5 23. Ne4 Nf4 24. Qc2 Nxg2 25. Kxg2 c4 26. bxc4 bxc4 27. Nfd2 Ne5
28. f3 Nxd3 29. Bc1 Ne1+ 0-1

[Event "34th Leon Blitz Final"]
[Site "chess.com INT"]
[Date "2021.07.07"]
[Round "1.1"]
[White "Guseinov, Gadir"]
[Black "Svane, Rasmus"]
[Result "0-1"]
[WhiteTitle "GM"]
[BlackTitle "GM"]
[WhiteElo "2665"]
[BlackElo "2615"]
[WhiteFideId "13401378"]
[BlackFideId "4657101"]
[EventDate "2021.07.07"]

1. e4 c6 2. Nf3 d5 3. exd5 cxd5 4. Ne5 a6 5. d4 Nc6 6. c4 e6 7. Nc3 Nf6 8. Nxc6
bxc6 9. c5 Qc7 10. Bd3 g6 11. Qf3 Nd7 12. Bf4 e5 13. dxe5 Nxe5 14. Qe2 Bg7 15.
O-O O-O 16. Na4 Bb7 17. Nb6 Rae8 18. Bxa6 Bxa6 19. Qxa6 Nf3+ 20. gxf3 Qxf4 21.
Qa4 d4 22. Kg2 Re5 23. Rg1 Rh5 24. Qd1 Rxh2+ 25. Kf1 d3 26. Qxd3 Bd4 27. Rg2 Re8
28. Rd1 Rh1+ 29. Rg1 Qh2 0-1

[Event "34th Leon Blitz Final"]
[Site "chess.com INT"]
[Date "2021.07.07"]
[Round "1.2"]
[White "Svane, Rasmus"]
[Black "Guseinov, Gadir"]
[Result "0-1"]
[WhiteTitle "GM"]
[BlackTitle "GM"]
[WhiteElo "2615"]
[BlackElo "2665"]
[WhiteFideId "4657101"]
[BlackFideId "13401378"]
[EventDate "2021.07.07"]

1. Nf3 b6 2. g3 Bb7 3. Bg2 g6 4. O-O Bg7 5. d4 d6 6. c4 Nf6 7. Qc2 O-O 8. Nc3
Nbd7 9. e4 e5 10. h3 exd4 11. Nxd4 Re8 12. Be3 a6 13. Rad1 Qe7 14. e5 dxe5 15.
Bxb7 exd4 16. Bxd4 Rab8 17. Bc6 Qe6 18. Bxf6 Qxc6 19. Bxg7 Kxg7 20. Nd5 Ne5 21.
Qc3 Qxc4 22. Nxc7 Re7 23. Qxc4 Nxc4 24. Nxa6 Ra8 25. b3 Rxa6 26. bxc4 Rxa2 27.
Rb1 Re6 28. Rbe1 Rf6 29. Re4 Rc2 30. Kg2 h5 31. h4 Rf5 32. Rd4 Rf6 33. Re4 Kf8
34. Kg1 Rb2 35. Rd4 Ke7 36. Re1+ Re6 37. Rxe6+ Kxe6 38. Kg2 Rb4 39. Kf3 Ke5 40.
Re4+ Kd6 41. Rd4+ Kc6 42. Ke3 Rb3+ 43. Rd3 Rb2 44. Rd4 Rc2 45. Re4 Kd6 46. Rd4+
Kc6 47. Re4 Kc5 48. Re7 Kxc4 49. Rc7+ Kb3 50. Rxf7 b5 51. Rf6 b4 52. Rxg6 Rc3+
53. Kd2 Kb2 54. g4 hxg4 55. Rxg4 b3 56. Rg8 Rh3 57. f4 Kb1 58. Rb8 b2 59. f5 Ka2
60. Ra8+ Ra3 61. Rb8 Rf3 62. Ra8+ Kb1 63. Ke2 Rxf5 64. Ra4 Kc2 65. Rc4+ Kb3 66.
Rc5 Rxc5 0-1

[Event "34th Leon Blitz Final"]
[Site "chess.com INT"]
[Date "2021.07.07"]
[Round "1.3"]
[White "Svane, Rasmus"]
[Black "Guseinov, Gadir"]
[Result "0-1"]
[WhiteTitle "GM"]
[BlackTitle "GM"]
[WhiteElo "2615"]
[BlackElo "2665"]
[WhiteFideId "4657101"]
[BlackFideId "13401378"]
[EventDate "2021.07.07"]

1. Nf3 g6 2. e4 c5 3. d4 cxd4 4. Nxd4 Nc6 5. c4 Nf6 6. Nc3 Nxd4 7. Qxd4 d6 8.
Be3 Bg7 9. Be2 O-O 10. Qd3 a5 11. O-O a4 12. f4 Bd7 13. Rad1 Bc6 14. Bd4 Nd7 15.
Bxg7 Kxg7 16. Qd4+ Kg8 17. Bg4 Nf6 18. Bf3 Qa5 19. e5 dxe5 20. fxe5 Rad8 21. Bd5
Nh5 22. Rxf7 e6 23. Rxf8+ Kxf8 24. Qf2+ Kg7 25. g4 Rf8 26. Qe3 Nf4 27. Bxc6 bxc6
28. Rd7+ Kg8 29. Rd4 a3 30. Rxf4 Rxf4 31. Qxf4 axb2 32. Nb1 Qe1+ 33. Qf1 Qe3+
34. Kg2 Qe4+ 35. Kh3 Qe3+ 36. Kh4 Qh6+ 37. Kg3 Qe3+ 38. Kg2 Qe4+ 39. Kf2 Qf4+
40. Ke2 Qxc4+ 41. Kf2 Qf4+ 42. Ke2 Qc4+ 43. Kf2 Qxa2 44. Qd3 Qa5 45. Qe4 Qc5+
46. Kg3 Qg1+ 47. Kh4 Qf2+ 48. Kg5 Kg7 49. Qxc6 h6# 0-1

[Event "34th Leon Blitz Final"]
[Site "chess.com INT"]
[Date "2021.07.07"]
[Round "1.1"]
[White "Holt, Conrad"]
[Black "Martinez Alcantara, Jose Eduardo"]
[Result "1-0"]
[WhiteTitle "GM"]
[BlackTitle "GM"]
[WhiteElo "2549"]
[BlackElo "2620"]
[WhiteFideId "2034387"]
[BlackFideId "3805662"]
[EventDate "2021.07.07"]

1. d4 Nf6 2. c4 e6 3. Nc3 Bb4 4. Qc2 c5 5. dxc5 O-O 6. a3 Bxc5 7. Nf3 d5 8. Bg5
Nc6 9. e3 d4 10. Bxf6 Qxf6 11. Ne4 Qf5 12. b4 Bb6 13. c5 Bc7 14. exd4 Rd8 15.
Rd1 Qg6 16. Be2 Ne7 17. O-O f6 18. Bd3 Qh6 19. Nc3 Bd7 20. Rfe1 Kh8 21. Bc4 Bc6
22. Ne4 Nd5 23. b5 Be8 24. Ng3 Bg6 25. Bd3 Nf4 26. Bxg6 hxg6 27. Ne2 Nd5 28. Nc3
Nf4 29. g3 Qh3 30. Nh4 Ba5 31. Re3 Qg4 32. Ne2 g5 33. Ng2 Nh3+ 34. Kf1 Rac8 35.
Qe4 Qxe4 36. Rxe4 e5 37. Ne3 g6 38. Kg2 exd4 39. Rexd4 Rxd4 40. Nxd4 g4 41. Nb3
Bc3 42. Nxg4 Ng5 43. Rd3 Ne4 44. f3 f5 45. fxe4 1-0

[Event "34th Leon Blitz Final"]
[Site "chess.com INT"]
[Date "2021.07.07"]
[Round "1.2"]
[White "Martinez Alcantara, Jose Eduardo"]
[Black "Holt, Conrad"]
[Result "1-0"]
[WhiteTitle "GM"]
[BlackTitle "GM"]
[WhiteElo "2620"]
[BlackElo "2549"]
[WhiteFideId "3805662"]
[BlackFideId "2034387"]
[EventDate "2021.07.07"]

1. e4 e6 2. d4 d5 3. Nd2 c5 4. Ngf3 cxd4 5. Nxd4 Nc6 6. Bb5 Bd7 7. Nxc6 bxc6 8.
Bd3 Bd6 9. Qe2 Qc7 10. c4 Ne7 11. Nf3 dxe4 12. Bxe4 e5 13. Bc2 Bb4+ 14. Bd2
Bxd2+ 15. Nxd2 O-O 16. O-O-O Rad8 17. Rhe1 Ng6 18. Bxg6 hxg6 19. Qxe5 Qb6 20.
Re3 Bg4 21. Rde1 Rd7 22. Qc3 Be6 23. Ne4 Rd4 24. b3 Bf5 25. c5 Qd8 26. Nd6 Rd5
27. f3 Qg5 28. g4 Rd3 29. Qe5 Rd5 30. Qc3 Bd3 31. b4 Ba6 32. Kb2 Qf4 33. h4 Qh2+
34. Ka1 Rd2 35. Qb3 Be2 36. h5 Qf2 37. Rh1 gxh5 38. gxh5 Bd1 39. Qa3 Bxf3 40.
Rxf3 Qd4+ 41. Qc3 Qd5 42. Nc4 Rd4 43. Rc1 Qxh5 44. Nd6 Qd5 45. Rg3 f6 46. Rcg1
Rd1+ 47. Rxd1 Qxd1+ 48. Kb2 Qe2+ 49. Kb3 g5 50. Qc4+ Qxc4+ 51. Kxc4 Kg7 52. b5
cxb5+ 53. Kxb5 Kg6 54. c6 f5 55. c7 f4 56. Rg1 f3 57. Kc6 Kh5 58. Ne4 g4 59. Kd7
Rf7+ 60. Kd6 Rf8 61. Ke7 Rf4 62. Rh1+ Kg6 63. Nd6 g3 64. c8=Q g2 65. Qg8# 1-0

[Event "34th Leon Blitz Final"]
[Site "chess.com INT"]
[Date "2021.07.07"]
[Round "1.3"]
[White "Martinez Alcantara, Jose Eduardo"]
[Black "Holt, Conrad"]
[Result "1-0"]
[WhiteTitle "GM"]
[BlackTitle "GM"]
[WhiteElo "2620"]
[BlackElo "2549"]
[WhiteFideId "3805662"]
[BlackFideId "2034387"]
[EventDate "2021.07.07"]

1. e4 e6 2. d4 d5 3. Nd2 Be7 4. Ngf3 Nf6 5. e5 Nfd7 6. Bd3 c5 7. c3 b6 8. O-O
Ba6 9. Bxa6 Nxa6 10. Qe2 Nc7 11. Rd1 O-O 12. Nf1 b5 13. Ng3 c4 14. Ne1 a5 15.
Qg4 f5 16. exf6 Nxf6 17. Qe2 Bd6 18. Nf3 Nd7 19. Ng5 Qf6 20. f4 h6 21. Nh3 b4
22. Re1 a4 23. a3 bxc3 24. bxc3 Rab8 25. Qg4 Kh7 26. Bd2 Rb3 27. Rf1 Qg6 28. Qe2
Qd3 29. Qe1 Rxa3 30. Rd1 Qg6 31. f5 exf5 32. Nf4 Bxf4 33. Bxf4 Ne6 34. Bd6 Ra2
35. Bxf8 Nexf8 36. Ra1 Rxa1 37. Qxa1 Qa6 38. Nxf5 Nf6 39. Qb1 a3 40. Ne7+ Kh8
41. Qb8 a2 42. Qxf8+ Kh7 43. Rxf6 a1=Q+ 44. Rf1 Qa8 45. Qf5+ Kh8 46. Ng6+ Kg8
47. Ne7+ Kh8 48. Rxa1 Qxa1+ 49. Qf1 Qa8 50. Qf3 Qa1+ 51. Kf2 Qb2+ 52. Kg3 Qb8+
53. Kh3 Qe8 54. Nxd5 Qg6 55. Ne3 Qd3 56. Qf8+ Kh7 57. Qf5+ g6 58. Qxd3 cxd3 59.
Kg3 Kg7 60. Kf3 Kf6 61. Ke4 d2 62. Kd3 Kg5 63. Kxd2 Kf4 64. Ke2 h5 65. d5 Ke5
66. d6 h4 67. Kf3 Kxd6 68. Kg4 Ke5 69. Kxh4 Kf4 70. Nf1 Ke4 71. Kg3 1-0

[Event "34th Leon Blitz Final"]
[Site "chess.com INT"]
[Date "2021.07.07"]
[Round "1.1"]
[White "Sarana, Alexey"]
[Black "Ibarra Jerez, Jose Carlos"]
[Result "1/2-1/2"]
[WhiteTitle "GM"]
[BlackTitle "GM"]
[WhiteElo "2640"]
[BlackElo "2558"]
[WhiteFideId "24133795"]
[BlackFideId "2226332"]
[EventDate "2021.07.07"]

1. c4 e5 2. Nc3 Nc6 3. Nf3 f5 4. d3 Nf6 5. g3 Bb4 6. Bg2 O-O 7. Bd2 d6 8. a3
Bxc3 9. Bxc3 Qe8 10. b4 Qh5 11. b5 Ne7 12. e3 f4 13. Qe2 fxe3 14. fxe3 e4 15.
Bxf6 exd3 16. Qxd3 Rxf6 17. O-O Bh3 18. Qe4 Bxg2 19. Kxg2 Raf8 20. Qxb7 d5 21.
Nd4 Rxf1 22. Rxf1 Rxf1 23. Kxf1 Qxh2 24. Qxc7 Qh1+ 25. Ke2 Qg2+ 26. Kd1 Qf1+ 27.
Kd2 Qf2+ 28. Ne2 Qf6 29. cxd5 Qb2+ 30. Ke1 Qa1+ 31. Kf2 Qf6+ 32. Nf4 Qb2+ 33.
Kf3 Ng6 34. Qc8+ Kf7 35. Qe6+ Kf8 36. Nxg6+ hxg6 37. d6 Qxb5 38. d7 Qf1+ 39. Ke4
Qg2+ 40. Kd4 Qd2+ 41. Kc5 Qa5+ 42. Kd4 Qd2+ 43. Ke4 Qg2+ 44. Ke5 Qb2+ 45. Ke4
Qg2+ 1/2-1/2

[Event "34th Leon Blitz Final"]
[Site "chess.com INT"]
[Date "2021.07.07"]
[Round "1.2"]
[White "Ibarra Jerez, Jose Carlos"]
[Black "Sarana, Alexey"]
[Result "0-1"]
[WhiteTitle "GM"]
[BlackTitle "GM"]
[WhiteElo "2558"]
[BlackElo "2640"]
[WhiteFideId "2226332"]
[BlackFideId "24133795"]
[EventDate "2021.07.07"]

1. e4 c5 2. Nc3 d6 3. d4 cxd4 4. Qxd4 Nc6 5. Qd2 g6 6. b3 Bh6 7. f4 f5 8. Bb2
Nf6 9. Bd3 Qa5 10. exf5 Bxf5 11. Nge2 O-O-O 12. O-O-O Rhe8 13. h3 e5 14. Bxf5+
gxf5 15. Kb1 d5 16. Qd3 e4 17. Qe3 Bf8 18. Na4 Re6 19. Nd4 Nxd4 20. Bxd4 Ra6 21.
Qc3+ Qxc3 22. Nxc3 Nh5 23. Ne2 Bh6 24. Be3 Bg7 25. g4 fxg4 26. hxg4 Nf6 27. Bd4
h6 28. Be5 Rg8 29. g5 hxg5 30. fxg5 Ng4 31. Bxg7 Rxg7 32. Rxd5 Rag6 33. Rh5 e3
34. Nf4 Rc6 35. Rh8+ Kc7 36. Re8 Rf7 37. Re4 Nf2 38. Ne6+ Kb6 39. Rb4+ Ka6 40.
Nc5+ Rxc5 41. Rxc5 Re7 42. Rcc4 b6 43. Ra4+ Kb7 44. Rf4 e2 0-1

[Event "34th Leon Blitz Final"]
[Site "chess.com INT"]
[Date "2021.07.07"]
[Round "2.1"]
[White "Bluebaum, Matthias"]
[Black "Sarana, Alexey"]
[Result "0-1"]
[WhiteTitle "GM"]
[BlackTitle "GM"]
[WhiteElo "2669"]
[BlackElo "2640"]
[WhiteFideId "24651516"]
[BlackFideId "24133795"]
[EventDate "2021.07.07"]

1. d4 Nf6 2. c4 e6 3. Nc3 Bb4 4. e3 c5 5. Ne2 cxd4 6. exd4 O-O 7. a3 Be7 8. d5
exd5 9. cxd5 d6 10. Ng3 Re8 11. Be2 Nbd7 12. O-O Ne5 13. h3 Bd7 14. Be3 a6 15.
a4 Rc8 16. Qb3 Qc7 17. Bb6 Qb8 18. Rac1 Ng6 19. Be3 Bd8 20. Bd3 Ne5 21. Be2 Ng6
22. Rfe1 Ba5 23. Bb6 Bxb6 24. Qxb6 Rc5 25. Bf3 Ne5 26. Be2 Rec8 27. Rcd1 Qc7 28.
Qxc7 R5xc7 29. Rd4 Kf8 30. f4 Ng6 31. Bd3 Ne7 32. Kf2 g6 33. Re2 Rc5 34. Be4 Rc4
35. Red2 h5 36. Bf3 h4 37. Nge4 Nxe4+ 38. Nxe4 Nf5 39. Rxc4 Rxc4 40. b3 Rb4 41.
Rd3 Ke7 42. Nd2 Rxf4 43. Rc3 Rd4 44. Nc4 b5 45. Nb6 Kd8 46. a5 Ne7 47. Ke3 Nf5+
48. Ke2 Rb4 49. Kd2 Ne7 50. Ke3 g5 51. Kd2 Bf5 52. Re3 Rd4+ 53. Kc3 Rf4 54. Kb2
Ng6 55. Rc3 Ne5 56. Bh5 Rf2+ 57. Ka3 Rxg2 58. Na8 Rg3 59. Rc1 Rxh3 60. Nc7 Nc4+
61. Kb4 Kxc7 62. bxc4 bxc4 63. Rxc4+ Kd7 64. Rc6 Bd3 65. Bg4+ f5 66. Bxh3 g4 67.
Rc3 Be4 68. Bf1 Bxd5 69. Bxa6 h3 70. Bb5+ Ke6 71. Bc4 Bxc4 72. Rxc4 h2 73. Rc1
g3 74. a6 g2 75. Re1+ Kf6 76. a7 g1=Q 77. Rxg1 hxg1=Q 78. a8=Q Qc5+ 79. Kb3 Ke5
80. Qh8+ Ke4 81. Qh1+ Kd4 82. Qg1+ Kd5 83. Qh1+ Ke6 84. Qh6+ Kd7 85. Qg7+ Kc6
86. Qf8 Qd5+ 87. Kc3 Qf3+ 88. Kd4 Qe4+ 89. Kc3 Qe5+ 90. Kd3 Qd5+ 91. Ke3 Kb5 92.
Qc8 Qc5+ 93. Qxc5+ Kxc5 94. Kf4 Kc4 0-1

[Event "34th Leon Blitz Final"]
[Site "chess.com INT"]
[Date "2021.07.07"]
[Round "2.2"]
[White "Sarana, Alexey"]
[Black "Bluebaum, Matthias"]
[Result "1-0"]
[WhiteTitle "GM"]
[BlackTitle "GM"]
[WhiteElo "2640"]
[BlackElo "2669"]
[WhiteFideId "24133795"]
[BlackFideId "24651516"]
[EventDate "2021.07.07"]

1. d4 Nf6 2. c4 c5 3. d5 b5 4. cxb5 a6 5. bxa6 g6 6. Nc3 Bg7 7. e4 O-O 8. Be2
Qa5 9. Bd2 Bxa6 10. e5 Ne8 11. Nf3 Nc7 12. d6 Bxe2 13. Nxe2 Qb6 14. dxc7 Qxc7
15. Bc3 Nc6 16. Nf4 Nxe5 17. Nd5 Qd6 18. O-O Ng4 19. h3 Nh6 20. Re1 Kh8 21. Nxe7
Qc7 22. Nd5 Qb7 23. Qd2 Nf5 24. Ne7 Nd4 25. Nxd4 cxd4 26. Bxd4 f6 27. Bc3 Rf7
28. Nd5 g5 29. Ne3 Raf8 30. Nf5 Qa6 31. Qd6 Qb5 32. Nxg7 Kxg7 33. Re7 Kg6 34. a4
Qf5 35. Rae1 h5 36. a5 h4 37. Rxf7 Rxf7 38. a6 g4 39. hxg4 Qxg4 40. a7 Kh7 41.
a8=Q Rg7 42. Qe4+ 1-0

[Event "34th Leon Blitz Final"]
[Site "chess.com INT"]
[Date "2021.07.07"]
[Round "2.1"]
[White "Guseinov, Gadir"]
[Black "Martinez Alcantara, Jose Eduardo"]
[Result "1/2-1/2"]
[WhiteTitle "GM"]
[BlackTitle "GM"]
[WhiteElo "2665"]
[BlackElo "2620"]
[WhiteFideId "13401378"]
[BlackFideId "3805662"]
[EventDate "2021.07.07"]

1. e4 c5 2. Nc3 d6 3. Bb5+ Bd7 4. Bxd7+ Qxd7 5. d4 cxd4 6. Qxd4 Nc6 7. Qd3 g6 8.
Nf3 Bg7 9. O-O Nf6 10. Nd5 O-O 11. Bg5 Nxd5 12. exd5 Ne5 13. Nxe5 Bxe5 14. c3
Rfe8 15. Rae1 b5 16. f4 Bf6 17. Re3 a5 18. Rfe1 Rac8 19. Bxf6 exf6 20. Rxe8+
Rxe8 21. Rxe8+ Qxe8 22. Kf2 Kg7 23. g4 Qd7 24. h3 h5 25. Kf3 hxg4+ 26. hxg4 Qe8
27. Qe4 Qh8 28. Kg3 a4 29. b3 axb3 30. axb3 Qa8 31. Qd4 Qa1 32. g5 Qe1+ 33. Kf3
Qf1+ 34. Kg3 Qe1+ 1/2-1/2

[Event "34th Leon Blitz Final"]
[Site "chess.com INT"]
[Date "2021.07.07"]
[Round "2.2"]
[White "Martinez Alcantara, Jose Eduardo"]
[Black "Guseinov, Gadir"]
[Result "1/2-1/2"]
[WhiteTitle "GM"]
[BlackTitle "GM"]
[WhiteElo "2620"]
[BlackElo "2665"]
[WhiteFideId "3805662"]
[BlackFideId "13401378"]
[EventDate "2021.07.07"]

1. e4 c5 2. Nf3 g6 3. Bc4 Nc6 4. O-O Bg7 5. c3 e6 6. d4 cxd4 7. cxd4 d5 8. exd5
exd5 9. Bb5 Ne7 10. h3 Qb6 11. Nc3 O-O 12. Bxc6 Nxc6 1/2-1/2

[Event "34th Leon Blitz Final"]
[Site "chess.com INT"]
[Date "2021.07.07"]
[Round "2.3"]
[White "Martinez Alcantara, Jose Eduardo"]
[Black "Guseinov, Gadir"]
[Result "1-0"]
[WhiteTitle "GM"]
[BlackTitle "GM"]
[WhiteElo "2620"]
[BlackElo "2665"]
[WhiteFideId "3805662"]
[BlackFideId "13401378"]
[EventDate "2021.07.07"]

1. c4 g6 2. Nc3 Bg7 3. g3 d6 4. Bg2 Nf6 5. d3 O-O 6. e4 c5 7. Nge2 Nc6 8. O-O a6
9. h3 Rb8 10. a4 Nd4 11. Be3 Ne8 12. Rb1 Nc7 13. b4 Nce6 14. b5 axb5 15. axb5
Nxe2+ 16. Nxe2 b6 17. Qd2 Nd4 18. Bxd4 cxd4 19. Nc1 e5 20. Na2 Bb7 21. Nb4 Ra8
22. Ra1 Qc7 23. Ra2 Rxa2 24. Qxa2 Ra8 25. Qd2 Qc5 26. Rb1 Ra4 27. h4 h5 28. Bh3
Kh7 29. Kh2 Bh6 30. Qb2 Qc7 31. Qb3 Ra8 32. Nc6 Bxc6 33. bxc6 Qxc6 34. c5 dxc5
35. Qxf7+ Bg7 36. Bd7 Qd6 37. Qd5 Qf8 38. Kg2 Rb8 39. f4 exf4 40. Rf1 Qe7 41.
Rxf4 Rf8 42. Rxf8 Bxf8 43. e5 Bg7 44. e6 Bf6 45. Qc6 Be5 46. Qxb6 Kg7 47. Qb7
Bd6 48. Qd5 Kh6 49. Qe4 Qf6 50. Be8 Be7 51. Bf7 Kg7 52. Be8 Bf8 53. Bc6 Be7 54.
Bd5 Bf8 55. Bb3 Be7 56. Bd1 Bf8 57. Bf3 Be7 58. Qd5 Bf8 59. Be4 Be7 60. Qd7 Kh6
61. Qe8 Kg7 62. Bxg6 Qxe6 63. Bxh5 c4 64. dxc4 d3 65. Qb5 d2 66. Qd5 Qd6 67. Bd1
Qf6 68. Qf3 Bd6 69. Qxf6+ Kxf6 70. g4 Ke5 71. g5 Kd4 72. h5 Be7 73. g6 Bf8 74.
Kf3 Kxc4 75. Kf4 Bh6+ 76. Kf5 Kd3 77. Kf6 Ke3 78. g7 Bxg7+ 79. Kxg7 Kf2 80. h6
Ke1 81. h7 Kf2 82. h8=Q Ke1 83. Qh1+ Kf2 84. Qf3+ 1-0

[Event "34th Leon Blitz Final"]
[Site "chess.com INT"]
[Date "2021.07.07"]
[Round "3.1"]
[White "Sarana, Alexey"]
[Black "Martinez Alcantara, Jose Eduardo"]
[Result "1-0"]
[WhiteTitle "GM"]
[BlackTitle "GM"]
[WhiteElo "2640"]
[BlackElo "2620"]
[WhiteFideId "24133795"]
[BlackFideId "3805662"]
[EventDate "2021.07.07"]

1. e4 c5 2. Nf3 d6 3. d4 cxd4 4. Nxd4 Nf6 5. Nc3 a6 6. Be3 e5 7. Nb3 Be7 8. f3
Be6 9. Qd2 h5 10. Nd5 Bxd5 11. exd5 Nbd7 12. O-O-O Qc7 13. Kb1 Nb6 14. Qa5 Rc8
15. c3 Bd8 16. Be2 O-O 17. Bxb6 Qxb6 18. Qxb6 Bxb6 19. Nd2 Bc5 20. Ne4 Nxe4 21.
fxe4 g6 22. Rhf1 Kg7 23. g4 h4 24. h3 f6 25. Rf3 Kh6 26. Rdf1 Kg5 27. b4 Bb6 28.
Kb2 a5 29. a3 axb4 30. axb4 Ra8 31. Kb3 Rf7 32. Bb5 Bc7 33. Bd3 Bb6 34. Kc4 Ra3
35. Kb5 Ba7 36. c4 Bd4 37. Bb1 Ra1 38. Bc2 Ra2 39. Bb3 Re2 40. c5 Rxe4 41. cxd6
Rd7 42. Rxf6 Rf4 43. Rf8 Rxd6 44. Kc4 Be3+ 45. R1xf4 exf4 46. Bc2 Rf6 47. Re8
Rd6 48. Be4 Rd7 49. Re6 Rg7 50. d6 f3 51. Bxf3 Kf4 52. Re7 Rg8 53. Bd5 Rd8 54.
d7 Bb6 55. Be6 Kg3 56. g5 Kf4 57. Kd5 Kxg5 58. Kd6 Bd4 59. Re8 Bf6 60. Kc7 1-0

[Event "34th Leon Blitz Final"]
[Site "chess.com INT"]
[Date "2021.07.07"]
[Round "3.2"]
[White "Martinez Alcantara, Jose Eduardo"]
[Black "Sarana, Alexey"]
[Result "1-0"]
[WhiteTitle "GM"]
[BlackTitle "GM"]
[WhiteElo "2620"]
[BlackElo "2640"]
[WhiteFideId "3805662"]
[BlackFideId "24133795"]
[EventDate "2021.07.07"]

1. e4 c5 2. Nf3 d6 3. Bb5+ Bd7 4. a4 Nf6 5. Nc3 e6 6. O-O Nc6 7. d4 cxd4 8. Nxd4
Be7 9. Nb3 a6 10. Be2 Rc8 11. a5 Ne5 12. Be3 Nc4 13. Bxc4 Rxc4 14. f3 Qc8 15.
Rf2 O-O 16. Rd2 h6 17. Nc1 e5 18. N1e2 Be6 19. Rd3 Qc7 20. Bb6 Qd7 21. b3 Rc6
22. Na4 Qc8 23. c4 Nh5 24. g4 Nf6 25. Ng3 g6 26. Be3 Kg7 27. Nb6 Qd8 28. Qd2 Rh8
29. Rd1 h5 30. g5 Nd7 31. c5 Nxc5 32. Bxc5 Rxc5 33. h4 Qc7 34. Nf1 Rc2 35. Qe1
d5 36. Nxd5 Bxd5 37. Rxd5 Bc5+ 38. Kh1 Bf2 39. Qb4 Bxh4 40. Rd7 Qc5 41. Rxf7+
Kxf7 42. Qxb7+ Qe7 43. Rd7 Re8 44. Ne3 Rc1+ 45. Kg2 Qxd7 46. Qxd7+ Re7 47. Qd5+
Kg7 48. Qd2 Rec7 49. Nc4 Ra1 50. Qb2 Rxc4 51. bxc4 Rxa5 52. Qb7+ 1-0

[Event "34th Leon Blitz Final"]
[Site "chess.com INT"]
[Date "2021.07.07"]
[Round "3.3"]
[White "Sarana, Alexey"]
[Black "Martinez Alcantara, Jose Eduardo"]
[Result "1/2-1/2"]
[WhiteTitle "GM"]
[BlackTitle "GM"]
[WhiteElo "2640"]
[BlackElo "2620"]
[WhiteFideId "24133795"]
[BlackFideId "3805662"]
[EventDate "2021.07.07"]

1. d4 Nf6 2. c4 e6 3. Nf3 Bb4+ 4. Nbd2 b6 5. a3 Bxd2+ 6. Qxd2 Bb7 7. e3 a5 8. b3
O-O 9. Be2 d5 10. O-O Nbd7 11. Bb2 c5 12. cxd5 Bxd5 13. Qd3 a4 14. bxa4 Rxa4 15.
Qc2 Ra8 16. Rad1 Qe7 17. dxc5 Nxc5 18. Rd4 Rfc8 19. Qd1 Bb3 20. Qb1 Na4 21. Rb4
Nxb2 22. Qxb2 Bd5 23. Nd4 Qc5 24. h3 h6 25. Ra1 Nd7 26. Bb5 Ne5 27. Bf1 Nd7 28.
a4 Qc3 29. Bb5 Qxb2 30. Rxb2 Nc5 31. Rb4 Ra5 32. Be2 Rca8 33. Bd1 R5a6 34. Nb5
Rc8 35. Nc3 Bc6 36. Be2 Ra5 37. Rxb6 Bxa4 38. Bf3 Nd7 39. Rxa4 Nxb6 40. Rxa5
Rxc3 41. Rb5 Nd7 42. h4 g6 43. g4 Rc5 44. Rb7 Ne5 45. Kg2 g5 46. hxg5 hxg5 47.
Kg3 Kg7 48. Rb4 1/2-1/2